000 00717nam a2200241Ia 4500
003 OSt
005 20220926022754.0
006 a|||||r|||| 00| 0
007 ta
008 220923b |||||||| |||| 00| 0 eng d
037 _cGeneral Book
040 _aRTL
_cRTL
_beng
041 _2eng
_aeng
082 _aX:89P:(B), M2
100 _aTucker Spencer A
_9281500
245 0 _aProduction standards for profit planning
260 _aNew York
_bVan Nostrand U S A
_c1982
300 _axvi, 193p., Appendix p155-83
_ccm.
650 _aWork Study
_9234105
700 _a Lennon Thomas H
_9328251
942 _hX:89P:(B), M2
_cGB
_2CC
999 _c640261
_d640261